NBA PPG Leaders 2025-2026 - Statistics

General Stats
  • This quiz has been taken 68 times
  • The average score is 43 of 50
Answer Stats
PPG Team Answer % Correct
28.8 Timberwolves Anthony Edwards
100%
27.9 Cavaliers Donovan Mitchell
100%
28.7 Celtics Jaylen Brown
100%
33.1 Lakers Luka Doncic
100%
27.7 Nuggets Nikola Jokic
100%
31.1 Thunder Shai Gilgeous-Alexander
100%
28.3 76ers Tyrese Maxey
100%
26.1 Suns Devin Booker
98%
26 Knicks Jalen Brunson
98%
23.6 Cavaliers James Harden
98%
27.9 Clippers Kawhi Leonard
98%
23.9 Pistons Cade Cunningham
96%
25.4 Nuggets Jamal Murray
96%
26 Rockets Kevin Durant
96%
22.2 Magic Paolo Banchero
96%
20.9 Lakers Lebron James
95%
20.1 Heat Bam Adebayo
93%
21 Mavericks Cooper Flagg
93%
24 Pacers Pascal Siakam
93%
25 Spurs Victor Wembanyama
93%
21 Pelicans Zion Williamson
93%
19.5 Pistons Jalen Duren
89%
22.5 Hawks Jalen Johnson
89%
18.1 Raptors Scottie Barnes
89%
18.6 Spurs De'Aaron Fox
87%
18.2 Cavaliers Evan Mobley
87%
20.1 Knicks Karl-Anthony Towns
87%
20.1 Hornets LaMelo Ball
87%
16.7 Spurs Stephon Castle
85%
20.4 Rockets Alperen Sengun
84%
21.5 Raptors Brandon Ingram
84%
24.2 Trail Blazers Deni Avdija
84%
21.1 Timberwolves Julius Randle
84%
17.1 Hornets Miles Bridges
82%
20.8 Hawks Nickeil Alexander-Walker
82%
17.1 Thunder Chet Holmgren
80%
16.5 Celtics Derrick White
80%
18.5 Hornets Kon Knueppel
80%
18.4 Kings DeMar DeRozan
78%
18.7 Hawks CJ McCollum
76%
20.1 Magic Desmond Bane
75%
16.7 Knicks OG Anunoby
75%
20.2 Hornets Brandon Miller
73%
18.3 Rockets Amen Thompson
71%
21.7 Heat Norman Powell
65%
17 Celtics Payton Pritchard
65%
21.5 Pelicans Trey Murphy III
65%
17.3 Bucks Ryan Rollins
55%
16.4 Raptors Immanuel Quickley
53%
17.7 Pelicans Saddiq Bey
29%
No matching quizzes found
Score Distribution
Percent of People with Each Score
Percentile by Number Answered
Your Score History
You have not taken this quiz